000 00473nam a2200193 4500
001 318906
005 20180308094645.0
008 700720s1970 caua 001 0 eng
010 _a 74118668
040 _aDLC
_cDLC
_dDLC
041 _aeng
080 _a512 ROS
082 0 0 _a512 ROS
100 _a36
101 _aMAT
245 0 0 _aCollege algebra
_c[by] Steven J. Bryant [and others]
906 _a7
_bcbc
_corignew
_d2
_encip
_f19
_gy-gencatlg
942 _2ddc
_cBK
999 _c44520
_d44520